| 000 | 00673nam a2200217 a 4500 | ||
|---|---|---|---|
| 999 |
_c2310 _d2310 |
||
| 001 | 2310 | ||
| 003 | CDMR | ||
| 005 | 20230905131705.0 | ||
| 008 | 130130s1985||||||||||||||||||||||||||||d | ||
| 020 | _a8486153891 | ||
| 040 |
_aCDMR _bcat _cCDMR |
||
| 100 | 1 |
_aFranquet, Rosa _9210 |
|
| 245 | 1 | 3 |
_aLa radio _b: de la telegrafía sin hilos a los satélites (cronología 1780-1984) _c/ Rosa Franquet, Josep Ma. Martí |
| 260 |
_aBarcelona : _bMitre, _c1985 |
||
| 300 | _a139 p. | ||
| 650 | 0 | 4 |
_92384 _aRàdio _xTècnica |
| 650 | 0 | 0 |
_91720 _aRadiodifusió _zEspanya _xHistòria |
| 650 | 0 | 4 |
_92387 _aRàdio _xHistòria |
| 700 | 1 |
_9498 _aMartí Martí, Josep Maria |
|
| 942 |
_cMON _2udc |
||